000 00611nam a2200205 u 4500
005 20240924071249.0
008 100901s2007 r 000 0 eng d
020 _a9788424116668
035 _aUPN01000177648
049 _aI
050 4 _aPZ76.3
_bD8.7
100 1 _aDubovoy, Silvia
245 1 0 _aRémora a la deriva /
_cSilvia Dubovoy ; il. de Angeles Peinador.
260 _aLeón, Esp. :
_bEverest,
_c2007.
300 _a47 p. :
_bil. col.
440 0 _aLeer es vivir.
_pA partir de 6 años
650 4 _aPECES -
_vCUENTOS Y LEYENDAS
_910918
650 4 _aLiteratura infantil
_94445
905 _aInfantil
999 _c149751
_d149751